|
|
|
|
| LEADER |
01874nam a2200457 a 4500 |
| 001 |
nkc20132474831 |
| 003 |
CZ PrNK |
| 005 |
20230425103541.0 |
| 007 |
ta |
| 008 |
130712s2013 xr a e p 000 0 cze |
| 015 |
|
|
|a cnb002474831
|
| 020 |
|
|
|a 978-80-248-3066-7
|q (brož.)
|
| 035 |
|
|
|a (OCoLC)872337464
|
| 040 |
|
|
|a OLA001
|b cze
|d ABA001
|
| 072 |
|
7 |
|a 519.1/.8
|x Kombinatorika. Teorie grafů. Matematická statistika. Operační výzkum. Matematické modelování
|2 Konspekt
|9 13
|
| 072 |
|
7 |
|a 37.016
|x Učební osnovy. Vyučovací předměty. Učebnice
|2 Konspekt
|9 22
|
| 080 |
|
|
|a 519.8
|2 MRF
|
| 080 |
|
|
|a (075.8)
|2 MRF
|
| 245 |
0 |
0 |
|a Cvičebnice pro předmět Operační výzkum A /
|c Eva Moravcová ... [et al.]
|
| 246 |
3 |
0 |
|a Operační výzkum A
|
| 250 |
|
|
|a 1. vyd.
|
| 260 |
|
|
|a Ostrava :
|b VŠB-TU Ostrava,
|c 2013
|
| 300 |
|
|
|a 119 s. :
|b il. ;
|c 29 cm
|
| 490 |
1 |
|
|a Series of textbooks ;
|v vol. 2
|
| 500 |
|
|
|a Nad názvem: Faculty of Economics, VŠB-TU Ostrava
|
| 500 |
|
|
|a 500 výt.
|
| 504 |
|
|
|a Obsahuje bibliografii
|
| 650 |
0 |
7 |
|a operační výzkum
|7 ph115594
|2 czenas
|
| 650 |
0 |
7 |
|a operační výzkum
|7 ph115594
|x úlohy
|2 czenas
|
| 650 |
0 |
9 |
|a operations research
|2 eczenas
|
| 650 |
0 |
9 |
|a operations research
|x problems, exercises, etc
|2 eczenas
|
| 655 |
|
7 |
|a učebnice vysokých škol
|7 fd133772
|2 czenas
|
| 655 |
|
9 |
|a textbooks (higher)
|2 eczenas
|
| 710 |
2 |
|
|a Vysoká škola báňská - Technická univerzita Ostrava.
|b Ekonomická fakulta
|7 kn20010709388
|
| 810 |
2 |
|
|a Vysoká škola báňská - Technická univerzita Ostrava.
|b Ekonomická fakulta.
|t Series of textbooks
|0 s
|
| 910 |
2 |
|
|a BOA001
|b 4-1319.209
|
| 928 |
9 |
|
|a Vysoká škola báňská - Technická univerzita Ostrava
|
| 990 |
|
|
|a BK
|
| 995 |
|
|
|a 01
|
| 991 |
|
|
|b 201402
|c NOV
|e n
|
| 996 |
6 |
|
|b 2610577951
|c 4-1319.209
|l MZK
|r Sklad / do 1 hodiny
|n 3
|p p.v.
|w 001396777
|u 000010
|a 1
|e BOA001
|j MZK50
|s P
|